| 000 | 00387nam a2200145 a 4500 | ||
|---|---|---|---|
| 001 | 3962 | ||
| 003 | CDMR | ||
| 005 | 20151016124801.0 | ||
| 008 | 130130s1987||||||||||||||||||||||||||||d | ||
| 040 |
_aCDMR _bcat _cCPC LLEIDA |
||
| 110 |
_9133 _aCol·legi de Periodistes de Catalunya |
||
| 245 | 0 | _aAnuari de la Informació de Catalunya 1987 | |
| 260 |
_aBarcelona _c1987 _bCPC |
||
| 942 |
_cMON _2ddc |
||
| 999 |
_c3962 _d3962 |
||